000 01055nam a2200253Ia 4500
001 10524
003 GE_BSU
008 181216s||||||||xx |||||||||||||| ||und||
020 _a9994031309
040 _cGE_BSU
100 _aტრაპაიძე,ადა; ქურიძე–წიფურია,დალი.
245 _aლათინური ენა იურისტებისათვის
245 _bსახელმძღვ.
245 _cრედ:იამზე გაგუა
250 _aმე–2 გამოც.
260 _aთბილისი
260 _bლოგოსი
260 _c2004
300 _a319გვ;20სმ.
520 _aპროგრამა ''ლოგოსი", პუბლ.და ღონისძ.კლასიკ.ფილოლ.ბიზანტ.და ნეოგრეც.სფეროში.
541 _h10ლ.
653 _aლათინური ენა იურისტებისათვის.სახელმძღვ.
942 _cBK
999 _c43779
_d43779